SPSS STATISTICS:A PRACTICAL GUIDE VERSION 20.0 (Record no. 216029)

MARC details
000 -LEADER
fixed length control field 00457nam a22001697a 4500
008 - FIXED-LENGTH DATA ELEMENTS--GENERAL INFORMATION
fixed length control field 250812b |||||||| |||| 00| 0 eng d
050 ## - LIBRARY OF CONGRESS CALL NUMBER
Classification number HA 32.A45 2012
100 ## - MAIN ENTRY--PERSONAL NAME
Personal name PETER ALLEN
245 ## - TITLE STATEMENT
Title SPSS STATISTICS:A PRACTICAL GUIDE VERSION 20.0
250 ## - EDITION STATEMENT
Edition statement 1ST
260 ## - PUBLICATION, DISTRIBUTION, ETC.
Place of publication, distribution, etc. AUSTRALIA
Name of publisher, distributor, etc. CENGAGE PUBLISHERS
Date of publication, distribution, etc. 2012
300 ## - PHYSICAL DESCRIPTION
Extent X,289
500 ## - GENERAL NOTE
General note INCLUDES INDEX AND REFERENCES
700 ## - ADDED ENTRY--PERSONAL NAME
Personal name KELLIE BENNETT
942 ## - ADDED ENTRY ELEMENTS (KOHA)
Source of classification or shelving scheme Library of Congress Classification
Koha item type Reference
Holdings
Withdrawn status Lost status Source of classification or shelving scheme Damaged status Not for loan Collection Home library Current library Shelving location Date acquired Inventory number Total checkouts Full call number Barcode Date last seen Copy number Price effective from Koha item type
    Library of Congress Classification     Special Research Kisii University Library Kisii University Library On Display 08/12/2025 109196   HA32.A45 2012 000000021720 08/12/2025 C.2 08/12/2025 Reference
    Library of Congress Classification     Special Research Kisii University Library Kisii University Library On Display 08/12/2025 109195   HA32.A45 2012 000000021721 08/12/2025 C.1 08/12/2025 Reference